| 000 | 00615nam a2200181Ia 4500 | ||
|---|---|---|---|
| 008 | 100921s9999 xx 000 0 und d | ||
| 082 |
_b36557 _a891.433 थ 94 |
||
| 100 | _aपाटेकर श्रीकांत. | ||
| 245 | _aलुटेरे. | ||
| 260 |
_bडायमंड पॉकेट बुक्स,दिल्ली. _c1994 |
||
| 300 |
_a238 _b--- |
||
| 365 | _b15 | ||
| 520 | _aललित -हिंदी-कथा,कादं. | ||
| 630 | _aलुटेरे. | ||
| 650 | _aललित -हिंदी-कथा,कादं. | ||
| 730 | _aलुटेरे. | ||
| 942 | _cBOOK | ||
| 999 |
_c785670 _d785667 |
||